000 00674nam a2200229Ia 4500
003 OSt
005 20220926033849.0
006 a|||||r|||| 00| 0
007 ta
008 220923b |||||||| |||| 00| 0 eng d
037 _cGeneral Book
040 _aRTL
_cRTL
_beng
041 _2eng
_aeng
082 _aU.4.D, C6
100 _aDas Nobin Chandra
_9339634
245 0 _aNote on the ancient geography of Asia
_b compiled f
260 _aVaranasi
_bBharat-Bharati India
_c1896
300 _ax,104p. Appendix p. 93-98
_ccm.
650 _aGeography - Asia
_9237597
942 _hU.4.D, C6
_cGB
_2CC
999 _c658109
_d658109